Central Library OPAC University of Rajshahi

Turkey : (Record no. 46333)

MARC details
000 -LEADER
fixed length control field 00764nas a2200241 a 4500
001 - CONTROL NUMBER
control field 46333
003 - CONTROL NUMBER IDENTIFIER
rucl marc code BD-RjUL
005 - DATE AND TIME OF LATEST TRANSACTION
control field 20211209054134.0
008 - FIXED-LENGTH DATA ELEMENTS--GENERAL INFORMATION
fixed length control field 160801s1948 enk|||||||||||| ||eng|
035 ## - SYSTEM CONTROL NUMBER
System control number (BD-RjUL)46451
040 ## - CATALOGING SOURCE
Original cataloging agency DLC
Transcribing agency CarP
Modifying agency DLC
Language of cataloging eng
041 ## - LANGUAGE CODE
Language code of text/sound track or separate title eng
082 ## - DEWEY DECIMAL CLASSIFICATION NUMBER
Author mark and year LIT 1948
Classification number 330.956
100 ## - MAIN ENTRY--PERSONAL NAME
Personal name Lingeman, E. R.
9 (RLIN) 141492
110 1# - MAIN ENTRY--CORPORATE NAME
Corporate name or jurisdiction name as entry element Great Britain.
Subordinate unit Commercial Relations and Exports Department [from old catalog]
9 (RLIN) 133650
245 00 - TITLE STATEMENT
Title Turkey :
Remainder of title economic and commercial conditions in Turkey /
Statement of responsibility, etc. E. R. Lingeman
260 ## - PUBLICATION, DISTRIBUTION, ETC. (IMPRINT)
Place of publication, distribution, etc. London :
Name of publisher, distributor, etc. H. M. Stationery Off.,
Date of publication, distribution, etc. 1948
300 ## - PHYSICAL DESCRIPTION
Pagination 228 p. :
Illustrations ill. ;
Size 25 cm.
500 ## - GENERAL NOTE
General note Serial.
651 #0 - SUBJECT ADDED ENTRY--GEOGRAPHIC NAME
Geographic name Turkey
General subdivision Economic conditions
Chronological subdivision 1918-1960.
9 (RLIN) 141493
942 ## - ADDED ENTRY ELEMENTS (KOHA)
Source of classification or shelving scheme Dewey Decimal Classification
Koha item type Books
Holdings
Lost status Source of classification or shelving scheme Damaged status Not for loan Collection code Permanent Location Current Location Shelving location Date acquired Source of acquisition Cost, normal purchase price Total Checkouts Full call number Date last seen Copy number Koha item type
  Dewey Decimal Classification     Non-fiction Central Library, University of Rajshahi Central Library, University of Rajshahi   03/12/1962 A.g. Karachi 15.00   330.956 LIT 1948 01/08/2016 C-2 Books